| 000 | 00538nam a22002057a 4500 | ||
|---|---|---|---|
| 003 | OSt | ||
| 005 | 20140717184430.0 | ||
| 008 | 140717b xxu||||| |||| 00| 0 eng d | ||
| 020 | _a0340760958 | ||
| 040 | _cDNLM | ||
| 082 |
_aWQ100 O7s 2000 _bO |
||
| 245 | _aObstetrics by Ten Teachers | ||
| 250 | _a17th ed. | ||
| 260 |
_aLondon: _bBookpower, _c2000 |
||
| 300 |
_aviii,374p; _bcol.ill: _c24.5cm |
||
| 504 | _aIndex included | ||
| 650 |
_aObstetrics _95 |
||
| 700 |
_aEdited by Stuart Campbell, Christopher Lees _9707 |
||
| 942 |
_2z _cB_BANK |
||
| 999 |
_c261 _d261 |
||